| 000 | 00847nam a22002177a 4500 | ||
|---|---|---|---|
| 005 | 20240530110445.0 | ||
| 008 | 150427s2008 ua g b 000 0 ara d | ||
| 017 |
_a2008/9626 _bمصر . دار الكتب المصرية |
||
| 020 | _a9789774203280 | ||
| 040 | _aEG-CaGPL | ||
| 082 | 0 | 4 |
_221 _a362.734\ _bع ت |
| 100 | 0 | _aعبداللطيف محمد عامر | |
| 245 | 1 | 2 |
_aالتبنى بين التاريخ و الشرائع / _cعبداللطيف محمد عامر |
| 260 |
_aالقاهرة : _bالهيئة المصرية العامة للكتاب ، _c2008 . |
||
| 300 |
_a279 ص ؛ _c24 سم . |
||
| 504 | _aيشتمل على ارجاعات ببليوجرافية | ||
| 650 | 0 | 4 |
_aالتبنى _xتاريخ |
| 650 | 0 | 4 |
_aالتبنى _xقوانين و تشريعات |
| 942 |
_2ddc _cBK |
||
| 999 |
_c61139 _d61139 |
||